Hodnocení stavebních podniků v období krize českého stavebnictví

Ekonomicko-štatistická analýza českého stavebníctva. Zhodnotenie firiem v danom odvetví v krízových rokoch po roku 2008 na základe vybraných ukazovateľov. Použitie Altmanovho Z-skóre modelu.

Salvato in:
Dettagli Bibliografici
Autore principale: Jánský, Jaroslav
Altri autori: Činčalová, Simona
Natura: Capitolo di libro
Lingua:ceco
Soggetti:
Tags: Aggiungi Tag
Nessun Tag, puoi essere il primo ad aggiungerne!!

MARC

LEADER 00000naa a2200000 4500
001 0280830
005 20240417075149.9
041 0 |a cze 
044 |a CZ 
245 1 0 |a Hodnocení stavebních podniků v období krize českého stavebnictví  |c Jaroslav Jánský, Simona Činčalová 
520 |a Ekonomicko-štatistická analýza českého stavebníctva. Zhodnotenie firiem v danom odvetví v krízových rokoch po roku 2008 na základe vybraných ukazovateľov. Použitie Altmanovho Z-skóre modelu. 
610 2 0 |a stavebníctvo 
610 2 0 |a koronakríza 
610 2 0 |a koronavírus 
610 2 0 |a kapitál pracovný 
610 2 0 |a financovanie podnikov 
610 2 0 |a Česko 
100 1 |a Jánský, Jaroslav 
700 1 |a Činčalová, Simona